| 000 | 00786cam a22002653a 4500 | ||
|---|---|---|---|
| 001 | 16328 | ||
| 003 | PGUSA | ||
| 005 | 20140828083340.0 | ||
| 008 | 050719s2005||||xxu|||||s|||||000 p eng d | ||
| 040 |
_aPGUSA _beng |
||
| 042 | _adc | ||
| 050 | 4 | _aPR | |
| 245 | 1 | 0 |
_aBeowulf : _bAn Anglo-Saxon Epic Poem _h[electronic resource] |
| 260 |
_bProject Gutenberg, _c2005 |
||
| 500 | _aTranslated From The Heyne-Socin Text by Lesslie Hall | ||
| 506 | _aPublic domain in the USA. | ||
| 516 | _aElectronic text | ||
| 653 | _aDragons -- Poetry | ||
| 653 | _aEpic poetry, English (Old) | ||
| 653 | _aMonsters -- Poetry | ||
| 700 | 1 |
_aHall, J. Lesslie _q(John Lesslie), _d1856-1928 |
|
| 830 | 0 |
_aProject Gutenberg _v16328 |
|
| 856 | 4 | 0 | _uhttp://www.gutenberg.org/ebooks/16328 |
| 942 | _cEB | ||
| 999 |
_c245583 _d245583 |
||